New York Cities Quiz Stats

 Plays Quiz Updated Apr 9, 2018

Score 0/20 Timer 06:00
1 Play Today
Rank City % Correct
1New York City
99.2%
6Albany
88.8%
2Buffalo
85.8%
5Syracuse
69.7%
3Rochester
67.6%
4Yonkers
47.1%
10Utica
35.5%
16Binghamton
34.5%
11White Plains
32%
9Schenectady
25.2%
Rank City % Correct
14Troy
24.4%
15Niagara Falls
23.7%
7New Rochelle
21.4%
20Brighton
12.2%
12Hempstead
11.7%
8Mount Vernon
11.5%
19Valley Stream
5.5%
17West Seneca
2.9%
18Freeport
2.8%
13Irondequoit
1.7%

You're not logged in!

Compare scores with friends on all Sporcle quizzes.
OR
Log In

Sporcle TV

Today on Sporcle TV


Watch our educational content, quiz creation guides, and fun videos on Sporcle TV.

Show Comments

Extras

Top Quizzes Today


Score Distribution

Your Account Isn't Verified!

In order to create a playlist on Sporcle, you need to verify the email address you used during registration. Go to your Sporcle Settings to finish the process.

Report this User

Report this user for behavior that violates our Community Guidelines.

Details: